Countries Hassan Rouhani has Visited - Statistics

General Stats
  • This quiz has been taken 44 times
    35 since last reset
  • The average score is 20 of 27
Answer Stats
Continent Country % Correct
Asia China
95%
North America United States of America
95%
Asia Afghanistan
90%
Asia Armenia
90%
Asia Azerbaijan
90%
Asia Pakistan
90%
Asia/ Europe Turkey
90%
Europe France
86%
Asia India
86%
Europe Italy
86%
Asia/ Europe Russia
86%
Asia Indonesia
76%
Asia Iraq
76%
Asia Kazakhstan
76%
Europe Austria
71%
North America Cuba
71%
Asia Turkmenistan
71%
South America Venezuela
71%
Asia Kuwait
62%
Asia Oman
62%
Asia Malaysia
57%
Asia Tajikistan
57%
Asia Vietnam
57%
Asia Kyrgyzstan
52%
Europe Vatican City
48%
Asia Thailand
43%
Europe Switzerland
38%
No matching quizzes found
Score Distribution
Percent of People with Each Score
Percentile by Number Answered
Your Score History
You have not taken this quiz since the last reset